[Event "19. Wch 2009 Veteranos Femenino"]
[Site "Condino ITA"]
[Date "2009.11.06"]
[Round "8.2"]
[White "Fatalibekova, Elena"]
[Black "Voronova, Tatiana"]
[Result "1-0"]
[WhiteElo "2216"]
[BlackElo "2226"]
[PlyCount "77"]
[EventDate "2009.10.27"]
[EventType "swiss"]
[EventRounds "9"]
[EventCountry "ITA"]
[Source "lmi"]
[SourceDate "2009.10.27"]

1. Nf3 g6 2. c4 Bg7 3. d4 c5 4. Nc3 Na6 5. e4 d6 6. Be2 Nf6 7. O-O O-O 8. Re1
b6 9. Bf1 Bg4 10. d5 Nc7 11. h3 Bxf3 12. Qxf3 e6 13. Bg5 h6 14. Bd2 Kh7 15.
Rad1 a6 16. a4 Qd7 17. e5 dxe5 18. d6 Qxd6 19. Bxh6 Qe7 20. Bg5 Ra7 21. Ne4
Nce8 22. Rd3 Kg8 23. Red1 Ra8 24. h4 Rc8 25. g4 Kh7 26. Bg2 Rh8 27. h5 gxh5 28.
gxh5 Kg8 29. h6 Rxh6 30. Bxh6 Bxh6 31. Qg3+ Bg7 32. Qxe5 Ng4 33. Qh5 f5 34. Rd7
Qf8 35. Rd8 fxe4 36. Rxc8 Ngf6 37. Qg6 Qf7 38. Rb8 e3 39. fxe3 1-0

[Event "19. Wch 2009 Veteranos Femenino"]
[Site "Condino ITA"]
[Date "2009.11.06"]
[Round "8.3"]
[White "Kozlovskaya, Valentina"]
[Black "Komysheva, Margarita"]
[Result "1-0"]
[WhiteElo "2252"]
[BlackElo "2097"]
[PlyCount "97"]
[EventDate "2009.10.27"]
[EventType "swiss"]
[EventRounds "9"]
[EventCountry "ITA"]
[Source "lmi"]
[SourceDate "2009.10.27"]

1. d4 d5 2. c4 c6 3. Nf3 f5 4. g3 e6 5. Bg2 Nd7 6. O-O Bd6 7. b3 Qf6 8. Bb2 Nh6
9. Qc1 Nf7 10. cxd5 exd5 11. e3 h5 12. Ba3 g5 13. h4 g4 14. Ne1 Bb8 15. Bxd5
Nd6 16. Bg2 Ne4 17. Qc2 Qe6 18. d5 Qxd5 19. Nc3 Qa5 20. Bxe4 Qxa3 21. Bxf5 Be5
22. Nd3 Bf6 23. Rad1 Qe7 24. Ne4 Ne5 25. Nxf6+ Qxf6 26. Bxc8 Nf3+ 27. Kg2 Rxc8
28. Nf4 Rc7 29. Qc5 Re7 30. Rd6 Re5 31. Qxc6+ bxc6 32. Rxf6 Rc5 33. Rd1 Rh7 34.
Rfd6 Re7 35. Ne6 Rc2 36. b4 Kf7 37. Rxc6 Rxa2 38. Ng5+ Nxg5 39. hxg5 Rxe3 40.
Rd7+ Ke8 41. Rh7 Kd8 42. Rf6 Re8 43. g6 Rg8 44. Rff7 Ra6 45. Rb7 Kc8 46. Rhc7+
Kd8 47. g7 Rb6 48. Rxa7 Rb8 49. Rcb7 1-0

[Event "19. Wch 2009 Veteranos Femenino"]
[Site "Condino ITA"]
[Date "2009.11.06"]
[Round "8.11"]
[White "Sokolovskaya, Serafima"]
[Black "Zaitseva, Tamara"]
[Result "1/2-1/2"]
[WhiteElo "2102"]
[BlackElo "2221"]
[PlyCount "29"]
[EventDate "2009.10.27"]
[EventType "swiss"]
[EventRounds "9"]
[EventCountry "ITA"]
[Source "lmi"]
[SourceDate "2009.10.27"]

1. c4 Nf6 2. Nc3 g6 3. g3 Bg7 4. Bg2 O-O 5. d4 d6 6. Nf3 Nbd7 7. O-O c5 8. e3
Rb8 9. Bd2 b6 10. Rb1 Bb7 11. Re1 Ne4 12. d5 Nxd2 13. Qxd2 Ne5 14. Nxe5 Bxe5
15. e4 1/2-1/2

[Event "19. Wch 2009 Veteranos Femenino"]
[Site "Condino ITA"]
[Date "2009.11.07"]
[Round "9.2"]
[White "Mira, Helene"]
[Black "Fatalibekova, Elena"]
[Result "1/2-1/2"]
[WhiteElo "2125"]
[BlackElo "2216"]
[PlyCount "85"]
[EventDate "2009.10.27"]
[EventType "swiss"]
[EventRounds "9"]
[EventCountry "ITA"]
[Source "lmi"]
[SourceDate "2009.10.27"]

1. Nf3 e6 2. c4 c5 3. Nc3 Nc6 4. g3 Nf6 5. Bg2 Be7 6. O-O O-O 7. d4 cxd4 8.
Nxd4 a6 9. b3 Qa5 10. Bb2 Rb8 11. Nxc6 dxc6 12. Ne4 Nxe4 13. Bxe4 e5 14. Qc2 f5
15. Bg2 Qc7 16. e3 Be6 17. f4 Bf6 18. e4 g6 19. Bh3 exf4 20. Bxf6 Rxf6 21. Rxf4
g5 22. Rf2 f4 23. Bxe6+ Rxe6 24. gxf4 gxf4 25. Rg2+ Rg6 26. Rf1 Rf8 27. e5 Qxe5
28. Rxg6+ hxg6 29. Qxg6+ Qg7 30. Qxg7+ Kxg7 31. Rd1 Rf7 32. Rd6 Kf8 33. Kf2 Rh7
34. Kg2 Ke7 35. Rg6 f3+ 36. Kxf3 Rxh2 37. Rg7+ Kd6 38. Rxb7 Rxa2 39. Ke3 Kc5
40. Kd3 a5 41. Kc3 Rh2 42. Rg7 Rh3+ 43. Kb2 1/2-1/2

[Event "19. Wch 2009 Veteranos Femenino"]
[Site "Condino ITA"]
[Date "2009.11.07"]
[Round "9.3"]
[White "Miednikova, Swietlana"]
[Black "Fomina, Tatyana"]
[Result "0-1"]
[WhiteElo "2173"]
[BlackElo "2232"]
[PlyCount "128"]
[EventDate "2009.10.27"]
[EventType "swiss"]
[EventRounds "9"]
[EventCountry "ITA"]
[Source "lmi"]
[SourceDate "2009.10.27"]

1. e4 c5 2. Nf3 e6 3. b3 b6 4. Bb2 Bb7 5. e5 Nc6 6. Bb5 Nge7 7. O-O Ng6 8. Re1
Be7 9. c3 f6 10. d4 fxe5 11. dxe5 O-O 12. Nbd2 Qc7 13. Bxc6 Bxc6 14. c4 Rf5 15.
Re3 Raf8 16. Ne4 Qb7 17. Qc2 Nf4 18. Rae1 Nxg2 19. Kxg2 Bxe4 20. Qxe4 Qxe4 21.
Rxe4 Rxf3 22. R4e2 Bg5 23. Bc1 Bxc1 24. Rxc1 Rd3 25. Rcc2 Rf4 26. Rcd2 Rfd4 27.
Rxd3 Rxd3 28. f3 Kf7 29. Kg3 Kg6 30. Kg4 Rd4+ 31. Kg3 Kf5 32. h4 h5 33. Kh3 Rd3
34. Kg3 a6 35. Kf2 g5 36. hxg5 Kxg5 37. Kg2 Kf5 38. Kg3 Rd4 39. Kg2 Kf4 40. Kf2
b5 41. cxb5 axb5 42. Kg2 h4 43. Rc2 c4 44. bxc4 bxc4 45. a4 Kxe5 46. a5 Kd6 47.
a6 Kc7 48. Rb2 c3 49. Rb7+ Kc6 50. Rb8 Ra4 51. Rc8+ Kb5 52. Rxc3 Rxa6 53. f4 d5
54. Kh3 Ra4 55. Rf3 Re4 56. Rf1 d4 57. f5 exf5 58. Rxf5+ Kc4 59. Rf8 d3 60. Rd8
Rd4 61. Rc8+ Kb3 62. Rb8+ Kc3 63. Rc8+ Rc4 64. Rd8 d2 0-1